000 00412pam a2200121 a 4500
020 _c
041 _aeng
100 _aअरविंद सदाशिव गोडबोले.
245 _aहिंदुत्व विचार आक्षेप आणि वास्तव
_hTextual Documents
260 _a[s.l]:
_bभारतीय विचार साधना
300 _a255p.
930 _a15573
999 _c92473
_d92473